| 000 | 01675nam0a2200397 4500 | ||
|---|---|---|---|
| 001 | RU\NLR\BIBL_A\012516478 | ||
| 005 | 20210524110243.0 | ||
| 010 |
_a978-5-17-121649-8 _95000 |
||
| 021 |
_aRU _bКН-П-20-085807 _9КН-П-20-6533 |
||
| 035 | _a(NLR Aleph) 012516478 | ||
| 035 | _a(RuMoRGB)010533147 | ||
| 090 |
_a12304229 _c12304229 |
||
| 100 | _a20210512d2020 k y0rusy50 ca | ||
| 101 | 1 |
_arus _cgrc |
|
| 102 | _aRU | ||
| 105 | _ay|||z|||000zy | ||
| 181 | 0 |
_ai _baxxe |
|
| 182 | 0 | _an | |
| 200 | 1 |
_aЗаконы _e[сборник] _fПлатон _gперевод с древнегреческого С. Ананьина [и др.] |
|
| 203 |
_aТекст _bвизуальный _cнепосредственный |
||
| 210 |
_aМосква _cАСТ _d2020 |
||
| 215 |
_a702, [2] с. _d18 |
||
| 225 | 1 | _aСерия "Эксклюзивная классика" | |
| 225 | 1 | _aКниги, изменившие мир. Писатели, объединившие поколения | |
| 300 | _aВ аннот. авт.: Платон Афинский - древнегреч. философ-идеалист | ||
| 327 | 1 | _aСодерж.: Софист; Политик; Законы; Послезаконие | |
| 333 | _a16+ | ||
| 606 | 1 |
_aФилософия греческая _z5 - 4 вв. до н.э. _9947050 _3RU\NLR\AUTH\66351331 |
|
| 686 | 1 | _aЮ3(0)321-215-06 | |
| 700 | 0 |
_7ca _8rus _aПлатон _f427-347 до н.э. _9118917 _3RU\NLR\AUTH\779049 |
|
| 702 | 1 |
_aАнаньин _bС. А. _f1875-1942 _gСтепан Андреевич _4730 |
|
| 942 | _cBOOK | ||
| 980 | _aNBR | ||
| 980 | _aNB | ||